000 00529nam a2200217Ia 4500
003 OSt
005 20220928144738.0
006 a|||||r|||| 00| 0
007 ta
008 220927b |||||||| |||| 00| 0 eng d
024 _a73510
037 _cTextual
040 _aSDCL
_cSDCL
_beng
041 _2eng
_aeng
082 _aQ4:25, N0
100 _aDavids T W Rhys Tr.
_9509432
245 0 _aBuddhist sutras.
260 _c1990
942 _hQ4:25, N0
_cTEXL
_2CC
999 _c829409
_d829409